Top 100 DJs in DJ Mag Top 100 2014 - Statistics

General Stats
  • This quiz has been taken 558 times
  • The average score is 16 of 100
Answer Stats
Rank DJ Name % Correct
7 David Guetta
77%
4 Martin Garrix
66%
5 Tiësto
66%
6 Avicii
62%
11 Calvin Harris
61%
1 Hardwell
53%
9 Skrillex
50%
3 Armin van Buuren
47%
2 Dimitri Vegas & Like Mike
46%
10 Steve Aoki
45%
12 Afrojack
39%
29 Axwell
38%
16 Deadmau5
36%
39 Sebastian Ingrosso
36%
32 Diplo
35%
65 DJ Snake
32%
15 Alesso
31%
22 Zedd
30%
8 Nicky Romero
28%
34 Oliver Heldens
27%
43 Daft Punk
26%
20 DVBBS
23%
97 The Chainsmokers
23%
59 Carl Cox
22%
26 Steve Angello
22%
18 W&W
22%
21 Nervo
21%
23 R3hab
21%
82 Don Diablo
20%
38 Paul van Dyk
19%
13 Blasterjaxx
16%
54 Dillon Francis
15%
50 Laidback Luke
15%
17 Showtek
15%
53 Knife Party
14%
14 Dash Berlin
13%
19 Deorro
13%
40 Headhunterz
13%
46 Kaskade
13%
33 Krewella
13%
31 Ummet Ozcan
13%
60 Eric Prydz
12%
68 Carnage
11%
35 Fedde le Grand
11%
51 Sander van Doorn
11%
25 Above & Beyond
10%
87 Borgeous
10%
27 Dyro
10%
57 Porter Robinson
10%
41 Borgore
9%
30 Dannic
9%
91 Ferry Corsten
9%
56 Firebeatz
9%
44 Markus Schulz
9%
86 Quintino
9%
36 Vicetone
9%
62 VINAI
9%
28 Aly & Fila
8%
58 ATB
7%
48 Coone
7%
74 Gareth Emery
7%
24 Andrew Rayel
6%
37 Angerfist
6%
96 Bingo Players
6%
55 Yves V
6%
81 3lau
5%
99 Arty
5%
47 Brennan Heart
5%
52 Dada Life
5%
83 Madeon
5%
88 Audien
4%
69 Cosmic Gate
4%
95 Wildstylez
4%
66 Da Tweekaz
3%
70 Diego Miranda
3%
100 Felguk
3%
45 Frontliner
3%
93 Heatbeat
3%
49 Infected Mushroom
3%
63 MAKJ
3%
85 Mike Candys
3%
67 Noisecontrollers
3%
64 Radical Redemption
3%
90 Richie Hawtin
3%
80 TJR
3%
84 Wolfpack
3%
71 Zatox
3%
77 Zomboy
3%
78 Bl3nd
2%
89 Boy George
2%
92 Code Black
2%
98 John O Callaghan
2%
94 Merk & Kremont
2%
79 Orjan Nilsen
2%
72 Quentin Mosimann
2%
73 Tenisha
2%
75 Umek
2%
42 DJ Kura
1%
61 Gabry Ponte
1%
76 Tiddey
1%
No matching quizzes found
Score Distribution
Percent of People with Each Score
Percentile by Number Answered
Your Score History
You have not taken this quiz